000 00665nam a2200169 4500
001 121490
003 ES-MaACL
005 20230906191747.0
007 t|
008 070214s1902 sp r ||||1| spa d
100 1 _aPlanas y Casals, José María.
_992535
245 1 0 _aEvolución del socialismo contemporáneo
_b: discurso inagural leído en la solemne apertura del curso académico de 1902 a 1903 ante el claustro de la Universidad de Barcelona /
_cpor el Doctor José Mª Planas y Casals.
260 _aBarcelona :
_bHijos de Jaime Jepús,
_c1902.
300 _a62 p. ;
_c27 cm.
710 2 _aUniversidad de Barcelona.
_97141
852 _aES-MaACL
_jT-1023-F-4
999 _c121490
_d121490